Criminología verde y delitos ambientales en México /

Bibliographic Details
Other Authors: Monroy Ojeda, Carla (Editor), Guzmán Velasco, Antonio (Editor)
Format: Electronic eBook
Language:Spanish
Published: Santiago, Chile : Ediciones Olejnik, [2023]
Series:Biblioteca de criminología.
Subjects:
Online Access:Digitalia Hispánica

MARC

LEADER 00000nam a2200000Ii 4500
001 DIGOLEJNK1443
003 NyNyDIG
006 m o d
007 cr |||||||||||
008 251203s2023 cl ob 000 0 spa d
035 |a (OCoLC)1427226613 
040 |a DGITA  |b eng  |e rda  |e pn  |c DGITA 
020 |z 9789564072197 
043 |a n-mx--- 
050 1 4 |a HV6405.M6 ebook 
245 0 0 |a Criminología verde y delitos ambientales en México /  |c Carla Monroy Ojeda, Antonio Guzmán Velasco (coordinadores)  
264 1 |a Santiago, Chile :  |b Ediciones Olejnik,  |c [2023] 
300 |a 1 online resource. 
336 |a text  |b txt  |2 rdacontent 
337 |a computer  |b c  |2 rdamedia 
338 |a online resource  |b cr  |2 rdacarrier 
347 |a text file  |2 rdaft 
347 |b PDF 
490 1 |a Biblioteca de criminología  
504 |a Includes bibliographical references. 
588 0 |a Online resource; title from PDF title page (Digitalia, viewed December 3, 2025) 
650 0 |a Offenses against the environment  |z Mexico. 
650 0 |a Environmental law  |z Mexico. 
700 1 |a Monroy Ojeda, Carla,  |e editor. 
700 1 |a Guzmán Velasco, Antonio,  |e editor. 
791 2 |a Digitalia (Firm),  |e distributor. 
793 0 |g Digitalia eBook Collection:  |a Ediciones Olejnik 
776 0 8 |i Print version:  |t Criminología verde y delitos ambientales en México.  |d Santiago, Chile : Ediciones Olejnik, 2023  |z 9789564072197 
830 0 |a Biblioteca de criminología.  
856 4 0 |3 Digitalia Hispánica  |u https://www.digitaliapublishing.com/a/157962/ 
910 |a Premium collection: 2025